000 00304nam a22001337a 4500
008 170306b xxu||||| |||| 00| 0 eng d
020 _a9780077276195
041 _aeng
080 _27TH
_a611
100 _a6
101 _aSHM
245 _aESSENTIALS OF ANATOMY & PHYSIOLOGY
_cVANPUTTE
942 _2udc
_cBK
999 _c6904
_d6904